000 00921nam a22002535i 4500
001 176582
003 ES-MaACL
005 20251115063318.0
008 110125s1953 sp a |||| | spa d
080 _a821.134.2-22"19"
100 1 _aMuñoz Seca, Pedro,
_d1881-1936
_984499
245 1 0 _aMi padre
_b: juguete cómico en tres actos /
_cPedro Muñoz Seca y Pedro Pérez Fernández.
260 _aMadrid :
_b[s. n.,
_c1953?]
300 _a68 p. ;
_c17 cm.
490 1 _aBiblioteca teatral ;
_v167
500 _aAnteportada ilustrada.
500 _aEn port. : Estrenado el día 11 de septiembre de 1931 en el Teatro de la Comedia, de Madrid.
500 _aEncuadernado con otros títulos.
597 _aEn el lomo: 156-167.
700 0 _aPérez Fernández, Pedro.
_990862
830 0 _aBiblioteca teatral ;
_v167
_9190120
852 _aES-MaACL
_jE-14127 (167)
_xOlim P-302
999 _c176582
_d176582